| 000 | 01401nam a2200313Ia 4500 | ||
|---|---|---|---|
| 001 | |||
| 003 | DO-SdBNP | ||
| 005 | 20231005131550.0 | ||
| 008 | 140604s20uu dr 000 0spa d | ||
| 020 | _a | ||
| 040 |
_aBPMSU _bspa _cBPMSU |
||
| 082 | 4 |
_a323 _bQ3s _222 |
|
| 110 | _a | ||
| 245 | 0 | 0 |
_a¿Qué son los derechos humanos? _c |
| 260 |
_aSanto Domingo: _bYouthforhumanrights, _c200-? |
||
| 300 |
_a46 p. ; _c23 cm. |
||
| 505 | 0 | _aPresencia histórica del cristianismo en la cultura occidental / Manuel Maceiras Fafián -- La fundamentación axiológica de los derechos humanos y la teoría clásica de la Justicia Distributiva / María Antonietta Salamone Savona --Protagonistas de la defensa de los nativos en La Española / Jesús Cordero Pando -- Derechos humanos y patrimonio cultural inmaterial / Graciano González R. Arnáiz -- Educación para la solidaridad y la tolerancia / Luis Méndez Francisco y David Méndez Coca. | |
| 590 | _aInventariado, 2023/VM | ||
| 650 | 4 |
_aDerechos humanos _zAmérica Latina _x |
|
| 650 | 4 |
_aDerechos de los indígenas _zAmérica Latina. _x |
|
| 651 | 4 |
_aAmérica Latina _xHistoria. |
|
| 700 | 1 | _a | |
| 710 | 2 | _aUniversidad APEC (República Dominicana) | |
| 852 | _t1 | ||
| 856 | _3Archivo Digital Biblioteca Nacional | ||
| 856 | _ubiblio.bnphu.gob.do/Archivos_Digitales/PDF | ||
| 910 | _aVMateo V. Control de calidad. BPMSU | ||
| 942 |
_2ddc _cBK |
||
| 999 |
_c14470 _d14470 |
||